000 00579nam a2200181Ia 4500
008 090123s9999 xx 000 0 und d
082 _b37504
100 _aमाने राजेंद्र
245 _aवळणावरची माणसं
250 _a1
260 _bशब्द प्रकाशन
_c2004
300 _a120
600 _aमाने राजेंद्र
630 _aवळणावरची माणसं
700 _aमाने राजेंद्र
730 _aवळणावरची माणसं
942 _cBOOK
999 _c75571
_d75571